Roman Crete : an archaeological survey and gazetteer of late Hellenistic, Roman and early Byzantine Crete
Αποθηκεύτηκε σε:
| Κύριος συγγραφέας: | |
|---|---|
| Μορφή: | Βιβλίο |
| Γλώσσα: | English |
| Δημοσίευση: |
Warminister, Wilts., England :
Aris and Phillips,
c1982
|
| Σειρά: | Classical studies
|
| Θέματα: | |
| Ετικέτες: |
Προσθήκη ετικέτας
Δεν υπάρχουν, Καταχωρήστε ετικέτα πρώτοι!
|
MARC
| LEADER | 00000cam a2200000 i 4500 | ||
|---|---|---|---|
| 001 | 1/5139 | ||
| 008 | 000602s1982 eng d | ||
| 020 | |a 0-85668-150-4 | ||
| 035 | |l 10061479 | ||
| 040 | |a GR-MY-UA |b gre |e aacr | ||
| 041 | 0 | |a eng | |
| 082 | 0 | |a 939.18 | |
| 100 | 1 | |a Sanders, I. F. |q (Ian F.), |d 1949-1977. | |
| 245 | 1 | 0 | |a Roman Crete : |b an archaeological survey and gazetteer of late Hellenistic, Roman and early Byzantine Crete / |c I. F. Sanders |
| 260 | |a Warminister, Wilts., England : |b Aris and Phillips, |c c1982 | ||
| 300 | |a xiii,185 p., [1] of plates |b ill. | ||
| 490 | 1 | |a Classical studies | |
| 500 | |a Originally presented as the author's thesis (doctoral--Oxford) | ||
| 504 | |a Bibliography: p. 183-185 | ||
| 650 | 0 | 0 | |a Excavations (Archaeology) |z Greece |z Crete. |
| 651 | 0 | |a Crete (Greece) |x Antiquities. | |
| 651 | 0 | |a Crete (Greece) |x History |y 67 B.C.-826 A.D. | |
| 651 | 0 | |a Crete (Greece) |x Gazetteers. | |
| 830 | 0 | |a Classical studies | |
| 852 | |a INST |b LESVOS |e 20000602 |h 939.18 SAN |p 005100026465 |q 005100026465 |t BK |y 0 | ||
| 901 | |a BIBL1-2000-2 | ||
| 909 | |a Λ |b 080190 | ||
| 922 | |a 1ΕΛΗ |b 200005 |c ΚΠΣ/ΤΓ |d LEADER | ||
| 950 | |a 118-1999-09-20 | ||
| 970 | |a ΤΖΑΦΕΡΗ |b ΕΥΑΓΓΕΛΙΑ |z 2000/06/08 | ||